<?xml version="1.0" encoding="UTF-8"?>
<record
    xmlns:xsi="http://www.w3.org/2001/XMLSchema-instance"
    xsi:schemaLocation="http://www.loc.gov/MARC21/slim http://www.loc.gov/standards/marcxml/schema/MARC21slim.xsd"
    xmlns="http://www.loc.gov/MARC21/slim">

  <leader>02840nam a22002657a 4500</leader>
  <controlfield tag="005">20160602144627.0</controlfield>
  <datafield tag="010" ind1=" " ind2=" ">
    <subfield code="a">ENG-115188</subfield>
  </datafield>
  <datafield tag="020" ind1=" " ind2=" ">
    <subfield code="a">9789351508908</subfield>
    <subfield code="c">995.00</subfield>
  </datafield>
  <datafield tag="035" ind1=" " ind2=" ">
    <subfield code="a">EN-98720</subfield>
  </datafield>
  <datafield tag="037" ind1=" " ind2=" ">
    <subfield code="b">DBAD/PUB</subfield>
  </datafield>
  <datafield tag="082" ind1="0" ind2="0">
    <subfield code="a">155.33</subfield>
    <subfield code="2">23</subfield>
  </datafield>
  <datafield tag="245" ind1="0" ind2="0">
    <subfield code="a">Nothing to fix :</subfield>
    <subfield code="b">medicalisation of sexual orientation and gender identity /</subfield>
    <subfield code="c">edited by Arvind Narrain [and] Vinay Chandran</subfield>
  </datafield>
  <datafield tag="260" ind1=" " ind2=" ">
    <subfield code="a">New Delhi</subfield>
    <subfield code="b">SAGE Publications</subfield>
    <subfield code="c">2016</subfield>
  </datafield>
  <datafield tag="270" ind1=" " ind2=" ">
    <subfield code="a">B1/I-1 Mohan Cooperative Industrial Area, Mathura Road</subfield>
    <subfield code="b">New Delhi</subfield>
    <subfield code="e">110044</subfield>
  </datafield>
  <datafield tag="300" ind1=" " ind2=" ">
    <subfield code="a">xxvi,337p.</subfield>
    <subfield code="c">23cm(Hb)</subfield>
  </datafield>
  <datafield tag="500" ind1=" " ind2=" ">
    <subfield code="a">Includes bibliographical references.</subfield>
  </datafield>
  <datafield tag="505" ind1="0" ind2=" ">
    <subfield code="a">It's not my job to tell you it's okay to be gay : medicalisation of homosexuality : a qeer critique / Arvind Narrain and Vinay Chandran -- Medical students : attitudes, knowledge, and perception of homosexuality in India / Bharath Reddy -- Medical response to male same-sex sexuality in western India : an exploration of conversion treatments for homosexuality / Ketki Ranade -- Mental health professionals : perspectives on lesbian women / Bina Fernandez -- Sex change operation and feminising procedures for transgender women in India : current scenario and way forward / Venkatesan Chakrapani -- Pendulous penises and couture clitorises : what medical men do to intersex infants / Mayur Suresh -- A comparative study of homosexual and heterosexual men with respect to quality of life, substance use, and suicidality / Bharath Reddy -- Validity of "ego-dystonicity" in homosexuality : an Indian perspective / Ami Sebastian Maroky, Shekhar Seshadri, Suresh Bada Math, C.R. Chandrashekar, Aswin Ratheesh, Biju Viswanath -- Why should therapists be sensitive to sexual and gender nonconformity? / Radhika Chandiramani -- A psychologist's journey to understanding sexual orientation / Lata Hemchand -- Transgender and transsexual issues : clinical dilemmas and best-practice guidelines in mental health care / Vidya Sathyanarayanan and Poornima Bhola -- Contexts of distress for LGBT people : a counsellor's guide / Vinay Chandran -- Coming out to parents and friends : need and perspectives from parents of LGBT / Vinay Chandran -- Religion and sexual orientation : reconciling faith with same-sex love / Vinay Chandran and Arvind Narrain -- Section 377 and the medical establishment : changing the terms of the debate / Arvind Narrain -- Human rights violations against the transgender community : a study of Kothi and Hijra sex workers in Bangalore, India / PUCL-K -- Pushing the bundaries of transgender and intersex persons' rights : further resources.</subfield>
  </datafield>
  <datafield tag="650" ind1="1" ind2="2">
    <subfield code="a">Sexual Behavior</subfield>
    <subfield code="x">Psychology</subfield>
  </datafield>
  <datafield tag="650" ind1="2" ind2="2">
    <subfield code="a">Attitude of Health Personnel</subfield>
  </datafield>
  <datafield tag="650" ind1="2" ind2="2">
    <subfield code="a">Gender Identity</subfield>
  </datafield>
  <datafield tag="650" ind1="2" ind2="2">
    <subfield code="a">Prejudice</subfield>
  </datafield>
  <datafield tag="700" ind1="1" ind2=" ">
    <subfield code="a">Narrain, Arvind</subfield>
  </datafield>
  <datafield tag="700" ind1="1" ind2=" ">
    <subfield code="a">Chandran, Vinay</subfield>
  </datafield>
  <datafield tag="942" ind1=" " ind2=" ">
    <subfield code="2">ddc</subfield>
    <subfield code="c">EN</subfield>
    <subfield code="h">155.33</subfield>
    <subfield code="m">NOT</subfield>
  </datafield>
  <datafield tag="999" ind1=" " ind2=" ">
    <subfield code="c">100159</subfield>
    <subfield code="d">100159</subfield>
  </datafield>
  <datafield tag="952" ind1=" " ind2=" ">
    <subfield code="0">0</subfield>
    <subfield code="1">0</subfield>
    <subfield code="4">0</subfield>
    <subfield code="7">1</subfield>
    <subfield code="8">NFIC</subfield>
    <subfield code="a">DBAD</subfield>
    <subfield code="b">BN</subfield>
    <subfield code="d">2016-06-02</subfield>
    <subfield code="e">DBAD/PUB</subfield>
    <subfield code="g">995.00</subfield>
    <subfield code="l">0</subfield>
    <subfield code="o">155.33 NOT</subfield>
    <subfield code="p">EN-98720</subfield>
    <subfield code="r">2016-06-02 00:00:00</subfield>
    <subfield code="t">1</subfield>
    <subfield code="v">995.00</subfield>
    <subfield code="y">EN</subfield>
  </datafield>
</record>
